000 00290nam a22001217a 4500
008 180518b xxu||||| |||| 00| 0 eng d
041 _aeng
080 _a043.3
100 _a0
101 _aMBE-BTH
245 _aRole of marketing plan for a business in Kosova
_cBujupi,A
942 _2udc
_cBK
999 _c45997
_d45997